00601nam a2200205Ia 4500008004100000050001100041050001500052100002700067245007300094245002900167260003100196260001000227260001000237300001500247300002000262300001100282500005600293521002700349999001900376170504s9999 xx 000 0 und d aHD 28  b.B928 2016 aBuen, Michael Anthony. aSupplies management system for asset management department of SISC / cMichael Anthony D. Buen. aLas Piñas, Philippines : bSISC, c2016. a67 pages : billustrations ; c28 cm. aIncludes bibliographical references and appendices. aInformation Technology c329765d329765